Online
Catalog

Alternative to serfdom : (Record no. 1234)

MARC details
000 -CABECERA
campo de control de longitud fija 00701nam a2200193 a 4500
001 - NÚMERO DE CONTROL
campo de control 000001295
005 - FECHA Y HORA DE LA ÚLTIMA TRANSACCIÓN
campo de control 20240515122608.0
008 - DATOS DE LONGITUD FIJA--INFORMACIÓN GENERAL
campo de control de longitud fija 801208s1960 enk 000 0 eng
040 ## - FUENTE DE LA CATALOGACIÓN
Centro catalogador/agencia de origen DO-SdBNP
Lengua de catalogación spa
Centro/agencia transcriptor BNPHU
082 ## - NÚMERO DE LA CLASIFICACIÓN DECIMAL DEWEY
Número de clasificación 341.4
Número de documento/Ítem C592a, 1960.
100 1# - ENTRADA PRINCIPAL--NOMBRE DE PERSONA
Nombre de persona Clark, John Maurice,
Fechas asociadas al nombre 1884-1963.
9 (RLIN) 4382
245 10 - MENCIÓN DE TÍTULO
Título Alternative to serfdom :
Resto del título five lectures delivered on the william w. cook foundation at the of michigan march 1947 /
Mención de responsabilidad, etc. John Maurice Clark.
250 ## - MENCIÓN DE EDICIÓN
Mención de edición 2a ed., rev.
260 ## - PUBLICACIÓN, DISTRIBUCIÓN, ETC.
Lugar de publicación, distribución, etc. New York :
Nombre del editor, distribuidor, etc. Vintage,
Fecha de publicación, distribución, etc. 1960.
300 ## - DESCRIPCIÓN FÍSICA
Extensión xvi, 161, vi p. ;
Dimensiones 19 cm.
500 ## - NOTA GENERAL
Nota general Cinco conferencias dictadas en marzo 1947.
650 #4 - PUNTO DE ACCESO ADICIONAL DE MATERIA--TÉRMINO DE MATERIA
Término de materia o nombre geográfico como elemento de entrada Servidumbres (derecho)
9 (RLIN) 4383
650 #0 - PUNTO DE ACCESO ADICIONAL DE MATERIA--TÉRMINO DE MATERIA
Término de materia o nombre geográfico como elemento de entrada Política económica
9 (RLIN) 84931
Holdings
Estado de retiro Estado de pérdida Restricciones de uso No para préstamo Código de colección Localización permanente Ubicación/localización actual Ubicación en estantería Fecha de adquisición Número de inventario Total de préstamos Signatura topográfica completa Código de barras Fecha visto por última vez Precio válido a partir de Tipo de ítem Koha
    Préstamo interno   Monografías: Libros y Folletos General General Depósito 04.09.2009 LF1   341.4 C592a, 1960. 1295-10 25.06.2020 25.06.2020 Préstamo interno

Powered by Koha